[Event "Belgrade Serbia op"]
[Site "Belgrade"]
[Date "2023.07.23"]
[Round "8"]
[White "Masic, Predrag"]
[Black "Eldho, Skaria"]
[Result "1/2-1/2"]
[WhiteElo "2196"]
[BlackElo "1945"]
[PlyCount "68"]
[EventDate "2023.07.16"]
[EventType "swiss"]
[EventRounds "9"]
[EventCountry "SRB"]
[SourceTitle "EXT 2024"]
[Source "ChessBase"]
[SourceDate "2023.10.10"]
[SourceVersion "1"]
[SourceVersionDate "2023.10.10"]
[SourceQuality "1"]

1. e4 c5 2. Nf3 d6 3. c3 Nf6 4. h3 g6 5. Bd3 b6 6. 0-0 Bb7 7. Re1 Bg7 8. Bc2 0-0 9. d4 cxd4 10. cxd4 Nc6 11. Nc3 h6 12. d5 Na5 13. Nd4 Rc8 14. a4 Re8 15. Rb1 Nc4 16. Ncb5 a6 17. Na7 Rc7 18. Nac6 Qc8 19. b3 Ne5 20. Nb4 a5 21. Na2 g5 22. Bb2 Ba6 23. Re3 Nfd7 24. Nc3 Ng6 25. Ncb5 Bxb5 26. axb5 Nf4 27. Nc6 Bxb2 28. Rxb2 e5 29. dxe6 Rxe6 30. e5 Nxe5 31. Bf5 Nxc6 32. Bxe6 fxe6 33. bxc6 Rxc6 34. Qg4 Rc3 1/2-1/2

[Event "Belgrade-chT Quality"]
[Site "Belgrade"]
[Date "2022.10.11"]
[Round "10.6"]
[White "Vujovic, Vera"]
[Black "Masic, Predrag"]
[Result "0-1"]
[WhiteElo "1734"]
[BlackElo "2204"]
[PlyCount "92"]
[EventDate "2022.10.01"]
[EventType "team-tourn"]
[EventRounds "11"]
[EventCountry "SRB"]
[SourceTitle "EXT 2024"]
[Source "ChessBase"]
[SourceDate "2023.10.10"]
[SourceVersion "1"]
[SourceVersionDate "2023.10.10"]
[SourceQuality "1"]
[WhiteTeam "Belgrade Mirijevo"]
[BlackTeam "Belgrade Crvena Zvezda"]
[WhiteTeamCountry "SRB"]
[BlackTeamCountry "SRB"]

1. e4 Nc6 2. d4 d6 3. f4 g6 4. Nf3 Bg7 5. c4 Bg4 6. d5 Bxf3 7. Qxf3 Nd4 8. Qd1 c5 9. Nc3 Nf6 10. Be3 Qb6 11. Rb1 a5 12. Bd3 0-0 13. 0-0 e6 14. a3 exd5 15. cxd5 Qd8 16. Kh1 Re8 17. Re1 h5 18. f5 Ng4 19. fxg6 fxg6 20. Qd2 Qh4 21. g3 Qe7 22. Rf1 Nxe3 23. Qxe3 Qe5 24. Qf4 Rf8 25. Qe3 Kh7 26. Qd2 Bh6 27. Qg2 Kg7 28. Qh3 Bg5 29. Na4 c4 30. Bxc4 b5 31. Nb6 bxc4 32. Nxa8 Qxe4+ 33. Qg2 Qxg2+ 34. Kxg2 Rxa8 35. Rbd1 Nf5 36. Rfe1 Ne3+ 37. Rxe3 Bxe3 38. Re1 Bd4 39. Re7+ Kf6 40. Re6+ Kf5 41. Rxd6 Rb8 42. Rc6 Rxb2+ 43. Kf1 c3 44. Ke1 Rb6 45. Rc4 Ke4 46. Ra4 Kd3 0-1

[Event "Novi Sad Serbia op-A"]
[Site "Novi Sad"]
[Date "2022.07.01"]
[Round "4"]
[White "Srihari, LR."]
[Black "Masic, Predrag"]
[Result "1-0"]
[WhiteElo "2431"]
[BlackElo "2242"]
[PlyCount "60"]
[EventDate "2022.06.28"]
[EventType "swiss"]
[EventRounds "9"]
[EventCountry "SRB"]
[SourceTitle "EXT 2023"]
[Source "ChessBase"]
[SourceDate "2022.10.05"]
[SourceVersion "1"]
[SourceVersionDate "2022.10.05"]
[SourceQuality "1"]

1. d4 Nf6 2. c4 e6 3. g3 d5 4. Bg2 Be7 5. Nf3 0-0 6. 0-0 c6 7. Nc3 Nbd7 8. Qd3 a5 9. e4 dxe4 10. Nxe4 Nxe4 11. Qxe4 a4 12. Bf4 Qa5 13. Rad1 Rd8 14. a3 Nf6 15. Qe2 Bd7 16. Ne5 Be8 17. Rfe1 Rac8 18. g4 g6 19. Bg5 Kg7 20. Bd2 Qc7 21. Bc3 Kg8 22. Qe3 Bf8 23. g5 Nd7 24. Ng4 Bd6 25. Qh3 h5 26. gxh6 Kh7 27. Qh4 f5 28. c5 Bf8 29. d5 fxg4 30. d6 Qb8 1-0

[Event "Novi Sad Serbia op-A"]
[Site "Novi Sad"]
[Date "2022.06.29"]
[Round "2"]
[White "Ahmad, Khagan"]
[Black "Masic, Predrag"]
[Result "1/2-1/2"]
[WhiteElo "2081"]
[BlackElo "2242"]
[PlyCount "98"]
[EventDate "2022.06.28"]
[EventType "swiss"]
[EventRounds "9"]
[EventCountry "SRB"]
[SourceTitle "EXT 2023"]
[Source "ChessBase"]
[SourceDate "2022.10.05"]
[SourceVersion "1"]
[SourceVersionDate "2022.10.05"]
[SourceQuality "1"]

1. d4 Nf6 2. c4 e6 3. Nc3 Bb4 4. e3 b6 5. Bd3 Bb7 6. Nge2 0-0 7. 0-0 d5 8. cxd5 exd5 9. a3 Bd6 10. Ng3 Re8 11. b4 Nbd7 12. Qc2 a6 13. Bb2 g6 14. Rae1 Ng4 15. Bc1 Qh4 16. h3 Nxf2 17. Qxf2 Qxg3 18. Qxg3 Bxg3 19. Re2 c5 20. Rf3 Bd6 21. Ref2 Re7 22. Bd2 f5 23. g4 fxg4 24. hxg4 Rf8 25. Rxf8+ Nxf8 26. e4 c4 27. Bf1 b5 28. e5 Bxe5 29. dxe5 d4 30. Ne2 d3 31. Nf4 Rxe5 32. Bc3 Re7 33. Bg2 Bxg2 34. Kxg2 Nd7 35. Nd5 Re6 36. g5 Re4 37. Kh3 Re6 38. Kg3 Re4 39. Rf6 Re2 40. Rf2 Re6 41. Kf4 Nb6 42. Nf6+ Kf8 43. Rh2 Na4 44. Be5 c3 45. Nxh7+ Ke7 46. Nf6 c2 47. Rh7+ Kf8 48. Rh8+ Kf7 49. Rh7+ Kf8 1/2-1/2

[Event "Belgrade Premier League"]
[Site "Belgrade"]
[Date "2021.10.04"]
[Round "4.3"]
[White "Vukovic, Dusan M"]
[Black "Masic, Predrag"]
[Result "0-1"]
[WhiteElo "2096"]
[BlackElo "2262"]
[PlyCount "99"]
[EventDate "2021.10.01"]
[EventType "team-tourn"]
[EventRounds "11"]
[EventCountry "SRB"]
[SourceTitle "CBM 204 Extra"]
[Source "ChessBase"]
[SourceDate "2021.11.30"]
[SourceVersion "1"]
[SourceVersionDate "2021.11.30"]
[SourceQuality "1"]
[WhiteTeam "Belgrade Tehnicka Skola"]
[BlackTeam "Belgrade Crvena Zvezda"]
[WhiteTeamCountry "SRB"]
[BlackTeamCountry "SRB"]

1. Nf3 Nf6 2. c4 g6 3. g3 Bg7 4. Bg2 d6 5. d4 0-0 6. 0-0 c6 7. b3 Nbd7 8. Qc2 Qc7 9. e4 Re8 10. Rd1 e5 11. Be3 exd4 12. Nxd4 Nc5 13. Nc3 a5 14. h3 Qe7 15. f3 Nfd7 16. Bf2 Ne5 17. f4 Ned7 18. Re1 Qf8 19. Rad1 Nf6 20. g4 h6 21. Rd2 Bd7 22. Nde2 Rad8 23. Red1 Bxg4 24. hxg4 Nxg4 25. Bf3 Nxf2 26. Kxf2 Qe7 27. Kg2 Qf6 28. Rf1 h5 29. Kh3 Ne6 30. f5 Ng5+ 31. Kg2 Qe5 32. Rd3 Bf6 33. Qd2 Kg7 34. Kh1 Nxf3 35. Rdxf3 g5 36. Rg1 g4 37. Rfg3 Rh8 38. Nf4 Kf8 39. Nfe2 Ke7 40. Qe3 Rhg8 41. Qd3 Rh8 42. R3g2 Rhg8 43. Qg3 Qxg3 44. Rxg3 Be5 45. R3g2 Kf6 46. Rf1 h4 47. Nd1 g3 48. Rf3 Rde8 49. Re3 Rg4 50. Rg1 0-1

[Event "Belgrade Premier League"]
[Site "Belgrade"]
[Date "2021.10.01"]
[Round "1.3"]
[White "Petrovic, Aleksa"]
[Black "Masic, Predrag"]
[Result "1/2-1/2"]
[WhiteElo "2084"]
[BlackElo "2262"]
[PlyCount "101"]
[EventDate "2021.10.01"]
[EventType "team-tourn"]
[EventRounds "11"]
[EventCountry "SRB"]
[SourceTitle "CBM 204 Extra"]
[Source "ChessBase"]
[SourceDate "2021.11.30"]
[SourceVersion "1"]
[SourceVersionDate "2021.11.30"]
[SourceQuality "1"]
[WhiteTeam "Belgrade Radnicki"]
[BlackTeam "Belgrade Crvena Zvezda"]
[WhiteTeamCountry "SRB"]
[BlackTeamCountry "SRB"]

1. d4 Nf6 2. c4 e6 3. Nc3 Bb4 4. e3 c5 5. Nge2 d5 6. a3 Bxc3+ 7. Nxc3 cxd4 8. Qxd4 Nc6 9. Qc5 Qa5 10. Qxa5 Nxa5 11. cxd5 exd5 12. b4 Nb3 13. Rb1 Nxc1 14. Rxc1 Be6 15. Nb5 0-0 16. Bd3 a5 17. Nc7 Rac8 18. Kd2 axb4 19. axb4 Rfd8 20. f3 Bd7 21. Bb5 Bc6 22. Bxc6 Rxc7 23. Bb5 Re7 24. Kd3 Re6 25. Rc7 Rb6 26. Rc5 g6 27. Ra1 Kg7 28. Kd4 h5 29. h4 Ng8 30. Ra5 Ne7 31. g4 Rf6 32. Rc7 Nc6+ 33. Bxc6 bxc6 34. gxh5 gxh5 35. f4 Re8 36. b5 Re4+ 37. Kd3 cxb5 38. Rxb5 Rfe6 39. Rxd5 Rxe3+ 40. Kc4 R6e4+ 41. Rd4 Rxd4+ 42. Kxd4 Rh3 43. Ke5 Rxh4 44. Kf5 Rg4 45. Rc3 Rg6 46. Rh3 Kh6 47. Rh4 Rg1 48. Rh3 Rg4 49. Rh2 Rg6 50. Rh4 Rg2 51. Rh3 1/2-1/2

[Event "Belgrade Serbia op"]
[Site "Belgrade"]
[Date "2021.07.05"]
[Round "5"]
[White "Masic, Predrag"]
[Black "Djokic, Mihailo"]
[Result "1-0"]
[WhiteElo "2268"]
[BlackElo "2129"]
[PlyCount "85"]
[EventDate "2021.07.02"]
[EventType "swiss"]
[EventRounds "9"]
[EventCountry "SRB"]
[SourceTitle "CBM 203 Extra"]
[Source "ChessBase"]
[SourceDate "2021.09.30"]
[SourceVersion "1"]
[SourceVersionDate "2021.09.30"]
[SourceQuality "1"]

1. e4 c5 2. Nf3 d6 3. c3 Nf6 4. Be2 Bd7 5. d3 g6 6. 0-0 Bg7 7. Nbd2 0-0 8. d4 cxd4 9. cxd4 d5 10. e5 Ne4 11. Qb3 Bc6 12. Rd1 Nxd2 13. Bxd2 f6 14. Rac1 a6 15. Re1 fxe5 16. Nxe5 Bxe5 17. dxe5 Nd7 18. Bh6 Re8 19. Qg3 e6 20. h4 Kh8 21. Bg5 Qc7 22. Bg4 h5 23. Bh3 Nf8 24. Bf6+ Kh7 25. Re3 Qf7 26. Rf3 Nd7 27. Qg5 Rg8 28. Be7 Qe8 29. Bxe6 Rg7 30. Bxd7 Qxe7 31. Bxc6 bxc6 32. Rxc6 Qb7 33. Rff6 Qxb2 34. Kh2 Qb1 35. Rxa6 Rc8 36. Rab6 Qd3 37. e6 Qc3 38. Rb3 Qc2 39. Qxd5 Rc5 40. Qd3 Qxa2 41. Rb7 Qc2 42. Rxg7+ Kxg7 43. Rf7+ 1-0

[Event "Belgrade Spring op"]
[Site "Belgrade"]
[Date "2021.04.07"]
[Round "7"]
[White "Masic, Predrag"]
[Black "Thybo, Jesper Sondergaard"]
[Result "1/2-1/2"]
[WhiteElo "2263"]
[BlackElo "2568"]
[PlyCount "92"]
[EventDate "2021.04.02"]
[EventType "swiss"]
[EventRounds "9"]
[EventCountry "SRB"]
[SourceTitle "CBM 202 Extra"]
[Source "ChessBase"]
[SourceDate "2021.07.31"]
[SourceVersion "1"]
[SourceVersionDate "2021.07.31"]
[SourceQuality "1"]

1. e4 c6 2. d4 d5 3. exd5 cxd5 4. Bd3 Nc6 5. c3 Qc7 6. Nf3 Bg4 7. Nbd2 Nf6 8. 0-0 e6 9. Re1 Bd6 10. Nf1 0-0-0 11. Bd2 Kb8 12. h3 Bh5 13. Ng3 Bxg3 14. fxg3 Qxg3 15. Qc1 e5 16. Nxe5 Nxe5 17. dxe5 Qxd3 18. exf6 gxf6 19. Bf4+ Ka8 20. Qd2 Qb5 21. a4 Qa6 22. Qd4 Rhg8 23. Kh2 Bg6 24. Rad1 Qc4 25. Qxc4 dxc4 26. Rxd8+ Rxd8 27. Bc7 Rc8 28. a5 b6 29. axb6 Kb7 30. Re7 axb6 31. Be5+ Kc6 32. Bxf6 Ra8 33. Bd4 Ra2 34. Re2 Bd3 35. Rf2 b5 36. g4 Kd5 37. Bg7 Ra7 38. Kg3 Re7 39. Bf8 Ra7 40. Ba3 Ke6 41. Rf4 f5 42. Rd4 fxg4 43. hxg4 Ke5 44. Bd6+ Ke6 45. Ba3 Rg7 46. Kh4 Rd7 1/2-1/2

[Event "SRB-chT Premier"]
[Site "Ruma"]
[Date "2020.10.03"]
[Round "11.5"]
[White "Ratkovic, Milovan"]
[Black "Masic, Predrag"]
[Result "1-0"]
[WhiteElo "2421"]
[BlackElo "2273"]
[PlyCount "63"]
[EventDate "2020.09.25"]
[EventType "team-tourn"]
[EventRounds "11"]
[EventCountry "SRB"]
[SourceTitle "CBM 198 Extra"]
[Source "ChessBase"]
[SourceDate "2020.11.30"]
[SourceVersion "1"]
[SourceVersionDate "2020.11.30"]
[SourceQuality "1"]
[WhiteTeam "Elemir Naftagas"]
[BlackTeam "Belgrade Crvena Zvezda"]
[WhiteTeamCountry "SRB"]
[BlackTeamCountry "SRB"]

1. d4 Nf6 2. c4 e6 3. Nc3 Bb4 4. Bg5 d5 5. e3 Nbd7 6. cxd5 exd5 7. Bd3 c5 8. Nge2 Ba5 9. 0-0 c4 10. Bc2 0-0 11. a3 Bxc3 12. Nxc3 Re8 13. Qd2 b5 14. f3 Bb7 15. e4 Qb6 16. Rae1 a5 17. Qf2 b4 18. Na4 Qc6 19. e5 b3 20. Bf5 Qxa4 21. exf6 Qc6 22. Qh4 Nf8 23. fxg7 Kxg7 24. Re5 Ng6 25. Qh6+ Kg8 26. Bd7 Qb6 27. Rxe8+ Rxe8 28. Bxe8 Qxd4+ 29. Be3 Qxb2 30. h4 Qe5 31. h5 d4 32. Bxf7+ 1-0

[Event "SRB-chT Premier"]
[Site "Ruma"]
[Date "2020.09.27"]
[Round "4.6"]
[White "Tadic, Branko"]
[Black "Masic, Predrag"]
[Result "1/2-1/2"]
[WhiteElo "2500"]
[BlackElo "2273"]
[PlyCount "87"]
[EventDate "2020.09.25"]
[EventType "team-tourn"]
[EventRounds "11"]
[EventCountry "SRB"]
[SourceTitle "CBM 198 Extra"]
[Source "ChessBase"]
[SourceDate "2020.11.30"]
[SourceVersion "1"]
[SourceVersionDate "2020.11.30"]
[SourceQuality "1"]
[WhiteTeam "Vladimirci"]
[BlackTeam "Belgrade Crvena Zvezda"]
[WhiteTeamCountry "SRB"]
[BlackTeamCountry "SRB"]

1. Nf3 Nf6 2. g3 d5 3. Bg2 e6 4. d4 Be7 5. c4 0-0 6. Qc2 c6 7. 0-0 b6 8. Rd1 Bb7 9. b3 Nbd7 10. Nc3 Rc8 11. e4 c5 12. exd5 exd5 13. Ng5 h6 14. Nh3 cxd4 15. Rxd4 b5 16. Nf4 bxc4 17. bxc4 Nb6 18. Rb1 Bc5 19. Rd1 Ng4 20. Nd3 Bd4 21. c5 Ba6 22. Nb5 Bxb5 23. Rxb5 Qd7 24. Rb4 Nc4 25. Qe2 Nf6 26. Qf3 a5 27. Rb1 Ne5 28. Nxe5 Bxe5 29. Ba3 Rfe8 30. Bf1 Rb8 31. Rbc1 Bb2 32. Bxb2 Rxb2 33. Bd3 Qg4 34. Qxg4 Nxg4 35. Re1 Ne5 36. Re2 Rxe2 37. Bxe2 Nc6 38. Bb5 Rc8 39. Bxc6 Rxc6 40. Kf1 Kf8 41. Ke2 Ke7 42. Kd3 Kd7 43. Kd4 Re6 44. Rb1 1/2-1/2

[Event "SRB-ch sf"]
[Site "Novi Banovci"]
[Date "2020.02.29"]
[Round "8"]
[White "Kostic, Milutin B"]
[Black "Masic, Predrag"]
[Result "1/2-1/2"]
[WhiteElo "2203"]
[BlackElo "2286"]
[PlyCount "33"]
[EventDate "2020.02.24"]
[EventType "swiss"]
[EventRounds "9"]
[EventCountry "SRB"]
[SourceTitle "EXT 2021"]
[Source "ChessBase"]
[SourceDate "2020.10.23"]
[SourceVersion "1"]
[SourceVersionDate "2020.10.23"]
[SourceQuality "1"]

1. d4 Nf6 2. Nf3 e6 3. g3 d5 4. c4 Be7 5. Bg2 0-0 6. 0-0 c6 7. Qc2 b6 8. Rd1 Bb7 9. Nc3 Nbd7 10. b3 Rc8 11. e4 dxe4 12. Nxe4 Nxe4 13. Qxe4 Nf6 14. Qe2 Qc7 15. Bf4 Bd6 16. Bxd6 Qxd6 17. Ne5 1/2-1/2

[Event "Belgrade-chT"]
[Site "Belgrade"]
[Date "2019.09.27"]
[Round "5.8"]
[White "Milosevic, Milos"]
[Black "Masic, Predrag"]
[Result "1/2-1/2"]
[WhiteElo "2312"]
[BlackElo "2300"]
[PlyCount "57"]
[EventDate "2019.09.23"]
[EventType "team-tourn"]
[EventRounds "11"]
[EventCountry "SRB"]
[SourceTitle "EXT 2020"]
[Source "ChessBase"]
[SourceDate "2019.10.17"]
[SourceVersion "1"]
[SourceVersionDate "2019.10.17"]
[SourceQuality "1"]
[WhiteTeam "Partizan"]
[BlackTeam "Grocka"]
[WhiteTeamCountry "SRB"]
[BlackTeamCountry "SRB"]

1. e4 Nc6 2. Nf3 d6 3. d4 Nf6 4. Nc3 Bg4 5. Bb5 a6 6. Bxc6+ bxc6 7. h3 Bh5 8. Bg5 Qd7 9. Qd3 e6 10. g4 Bg6 11. Nh4 d5 12. Nxg6 hxg6 13. f3 Qc8 14. 0-0-0 Qb7 15. Kb1 Rb8 16. b3 Bb4 17. Bd2 Rd8 18. Qe3 Be7 19. g5 Nh5 20. f4 dxe4 21. Nxe4 0-0 22. Bc3 Rd5 23. Rhf1 Rfd8 24. Rd3 Rf5 25. Qd2 Bd6 26. Rdf3 Qb5 27. Qe3 Rb8 28. Ka1 Rd8 29. a4 1/2-1/2

[Event "Belgrade Trophy 30th"]
[Site "Belgrade"]
[Date "2016.11.28"]
[Round "5"]
[White "Nedeljkovic, Dragan"]
[Black "Masic, Predrag"]
[Result "1/2-1/2"]
[WhiteElo "2168"]
[BlackElo "2312"]
[PlyCount "95"]
[EventDate "2016.11.24"]
[EventType "swiss"]
[EventRounds "9"]
[EventCountry "SRB"]
[SourceTitle "CBM 175 Extra"]
[Source "ChessBase"]
[SourceDate "2016.12.12"]
[SourceVersion "1"]
[SourceVersionDate "2016.12.12"]
[SourceQuality "1"]

1. e4 c6 2. d4 d5 3. exd5 cxd5 4. Bd3 Nc6 5. Nf3 Nf6 6. 0-0 Bg4 7. c3 e6 8. Bg5 Be7 9. Nbd2 Bh5 10. Qb3 a6 11. Rae1 Bg6 12. Bxg6 hxg6 13. h3 b5 14. a4 Na5 15. Qc2 Rc8 16. axb5 axb5 17. Qd3 Nc4 18. Ne5 0-0 19. Bxf6 Bxf6 20. b3 Bxe5 21. dxe5 Nxd2 22. Qxd2 Qa5 23. Re3 Rc7 24. f4 Rfc8 25. Rff3 Qa1+ 26. Kh2 Qb1 27. b4 Rc4 28. Qd3 Qa1 29. Qd2 Ra8 30. Re1 Qa7 31. Rd3 Qc7 32. Rf1 Ra3 33. Rff3 Qa7 34. Qe3 Qxe3 35. Rdxe3 d4 36. cxd4 Rxe3 37. Rxe3 Rxd4 38. Kg3 Rxb4 39. Rc3 Rd4 40. Rc8+ Kh7 41. Rb8 g5 42. fxg5 b4 43. Rb7 Kg6 44. Kf3 Rc4 45. g3 Rd4 46. h4 Rc4 47. Ke3 Rc3+ 48. Kf4 1/2-1/2

[Event "Belgrade Jezero op"]
[Site "Belgrade"]
[Date "2016.08.15"]
[Round "9"]
[White "Masic, Predrag"]
[Black "Jakovljevic, Zivota"]
[Result "1-0"]
[WhiteElo "2320"]
[BlackElo "2021"]
[PlyCount "99"]
[EventDate "2016.08.07"]
[EventType "swiss"]
[EventRounds "9"]
[EventCountry "SRB"]
[SourceTitle "EXT 2017"]
[Source "ChessBase"]
[SourceDate "2016.10.25"]
[SourceVersion "1"]
[SourceVersionDate "2016.10.25"]
[SourceQuality "1"]

1. c4 f5 2. Nc3 Nf6 3. g3 c6 4. Bg2 g6 5. d3 Bg7 6. Nf3 Na6 7. 0-0 0-0 8. Rb1 Nc7 9. b4 d5 10. Qb3 e6 11. Bf4 Nd7 12. cxd5 Nxd5 13. Nxd5 exd5 14. b5 Kh8 15. bxc6 bxc6 16. Rfc1 Qf6 17. Qc2 Re8 18. Be3 Ne5 19. Nxe5 Qxe5 20. Qxc6 Be6 21. d4 Qf6 22. Bxd5 Rac8 23. Qb7 Rxc1+ 24. Rxc1 f4 25. Bxf4 Bxd5 26. Qxd5 Qxd4 27. Qxd4 Bxd4 28. e3 Bb6 29. Rc4 Kg8 30. Kf1 Rd8 31. Ke2 Rd5 32. e4 Rb5 33. Rc2 a6 34. Be3 Ba5 35. Kd3 Kf7 36. Rc6 Rb2 37. Rxa6 Rxa2 38. Ra7+ Ke6 39. Ra6+ Kd7 40. e5 Ra3+ 41. Ke4 Bb4 42. e6+ Kc7 43. Bf4+ Kd8 44. Bg5+ Kc7 45. Rxa3 Bxa3 46. Kd5 Bb4 47. g4 Be1 48. f4 Bd2 49. h4 Bc1 50. f5 1-0

[Event "Belgrade Jezero op"]
[Site "Belgrade"]
[Date "2016.08.10"]
[Round "4"]
[White "Janjic, Stefan"]
[Black "Masic, Predrag"]
[Result "1/2-1/2"]
[WhiteElo "2075"]
[BlackElo "2320"]
[PlyCount "51"]
[EventDate "2016.08.07"]
[EventType "swiss"]
[EventRounds "9"]
[EventCountry "SRB"]
[SourceTitle "EXT 2017"]
[Source "ChessBase"]
[SourceDate "2016.10.25"]
[SourceVersion "1"]
[SourceVersionDate "2016.10.25"]
[SourceQuality "1"]

1. d4 Nf6 2. Nf3 e6 3. c4 b6 4. g3 Bb7 5. Bg2 Be7 6. Nc3 0-0 7. 0-0 d5 8. Ne5 Qc8 9. cxd5 exd5 10. Qb3 c6 11. Bf4 Qe6 12. e4 Nxe4 13. Nxe4 dxe4 14. Qxe6 fxe6 15. Bxe4 Bd6 16. Rac1 Rc8 17. Rfd1 Rc7 18. Rc3 a5 19. Nd3 Rd7 20. Ne5 Rc7 21. Rdc1 b5 22. Nd3 Rd7 23. Ne5 Rc7 24. Nd3 Rd7 25. Ne5 Rc7 26. Nd3 1/2-1/2

[Event "SRB-ch sf"]
[Site "Belgrade"]
[Date "2016.03.28"]
[Round "8"]
[White "Masic, Predrag"]
[Black "Aleksic, Neven"]
[Result "1/2-1/2"]
[WhiteElo "2331"]
[BlackElo "2118"]
[PlyCount "25"]
[EventDate "2016.03.21"]
[EventType "swiss"]
[EventRounds "9"]
[EventCountry "SRB"]
[SourceTitle "CBM 171 Extra"]
[Source "ChessBase"]
[SourceDate "2016.04.26"]
[SourceVersion "1"]
[SourceVersionDate "2016.04.26"]
[SourceQuality "1"]

1. e4 e5 2. Nc3 Nc6 3. Bc4 Bc5 4. Qg4 Kf8 5. Qg3 d6 6. Nf3 h6 7. Na4 Nf6 8. Nxc5 Nh5 9. Nxb7 Qe8 10. Qh4 Nf4 11. Qg3 Nh5 12. Qh4 Nf4 13. Qg3 1/2-1/2

[Event "SRB-ch sf"]
[Site "Belgrade"]
[Date "2016.03.27"]
[Round "7"]
[White "Maric, Dragan"]
[Black "Masic, Predrag"]
[Result "1/2-1/2"]
[WhiteElo "2191"]
[BlackElo "2331"]
[PlyCount "71"]
[EventDate "2016.03.21"]
[EventType "swiss"]
[EventRounds "9"]
[EventCountry "SRB"]
[SourceTitle "CBM 171 Extra"]
[Source "ChessBase"]
[SourceDate "2016.04.26"]
[SourceVersion "1"]
[SourceVersionDate "2016.04.26"]
[SourceQuality "1"]

1. e4 Nc6 2. d4 d6 3. f4 e5 4. d5 Nb8 5. Nf3 Nd7 6. Bb5 a6 7. Ba4 b5 8. Bb3 Ngf6 9. Qe2 Qe7 10. f5 Nc5 11. Nbd2 g6 12. fxg6 hxg6 13. c4 Nh5 14. Bc2 Ng3 15. hxg3 Rxh1+ 16. Kf2 b4 17. Nb3 Nxb3 18. axb3 f6 19. Bd1 Bh6 20. Bxh6 Rxh6 21. Qd2 g5 22. Qxb4 Kf7 23. Qd2 Kg7 24. Be2 Bb7 25. b4 Rhh8 26. Re1 c5 27. bxc5 dxc5 28. b4 Rac8 29. bxc5 Qxc5+ 30. Qe3 Rhd8 31. Rb1 Qe7 32. c5 Bxd5 33. exd5 Rxc5 34. Bxa6 Rcxd5 35. g4 Qc5 36. Rb7+ 1/2-1/2

[Event "SRB-ch sf"]
[Site "Belgrade"]
[Date "2016.03.23"]
[Round "3"]
[White "Vujacic, Borivoje"]
[Black "Masic, Predrag"]
[Result "0-1"]
[WhiteElo "2261"]
[BlackElo "2331"]
[PlyCount "76"]
[EventDate "2016.03.21"]
[EventType "swiss"]
[EventRounds "9"]
[EventCountry "SRB"]
[SourceTitle "CBM 171 Extra"]
[Source "ChessBase"]
[SourceDate "2016.04.26"]
[SourceVersion "1"]
[SourceVersionDate "2016.04.26"]
[SourceQuality "1"]

1. e4 Nc6 2. d4 d6 3. Nf3 Nf6 4. Nc3 Bg4 5. Be2 g6 6. 0-0 Bg7 7. d5 Nb8 8. Be3 0-0 9. a4 a5 10. h3 Bxf3 11. Bxf3 Nbd7 12. Ra3 c6 13. Rb3 Qc7 14. Re1 Rfe8 15. Bf4 Ne5 16. Be2 Nfd7 17. Be3 Nc5 18. Bxc5 dxc5 19. f4 Nd7 20. e5 Nb6 21. dxc6 bxc6 22. Bf3 Red8 23. Qe2 Rd4 24. Nb5 cxb5 25. Bxa8 bxa4 26. Rb5 Nxa8 27. e6 Rxf4 28. c3 Bf6 29. exf7+ Kxf7 30. Qe6+ Kg7 31. Rd1 Rf5 32. Qe4 Nb6 33. Rxa5 Nc4 34. Ra8 Nxb2 35. Rd5 Re5 36. Rxe5 Qxe5 37. Qxe5 Bxe5 38. c4 Bc3 0-1

[Event "Belgrade Trophy 29th"]
[Site "Belgrade"]
[Date "2015.11.28"]
[Round "5"]
[White "Popovic, Mladen"]
[Black "Masic, Predrag"]
[Result "1/2-1/2"]
[WhiteElo "2184"]
[BlackElo "2341"]
[PlyCount "51"]
[EventDate "2015.11.24"]
[EventType "swiss"]
[EventRounds "9"]
[EventCountry "SRB"]
[SourceTitle "CBM 169 Extra"]
[Source "ChessBase"]
[SourceDate "2015.12.18"]
[SourceVersion "1"]
[SourceVersionDate "2015.12.18"]
[SourceQuality "1"]

1. e4 e6 2. d4 d5 3. Nc3 Nf6 4. e5 Nfd7 5. f4 c5 6. Nf3 Nc6 7. Be3 cxd4 8. Nxd4 Bc5 9. Qd2 Bxd4 10. Bxd4 Nxd4 11. Qxd4 Qb6 12. Qxb6 Nxb6 13. Nb5 Ke7 14. 0-0-0 Bd7 15. Nd4 Na4 16. Bd3 Nc5 17. Kb1 h5 18. h3 h4 19. Rhe1 g6 20. Re3 Rac8 21. b3 Rc7 22. Kb2 Rhc8 23. Rd2 a6 24. Nf3 Rh8 25. Nd4 Rhc8 26. Nf3 1/2-1/2

[Event "Belgrade Trophy 29th"]
[Site "Belgrade"]
[Date "2015.11.26"]
[Round "3"]
[White "Jandric, Damjan"]
[Black "Masic, Predrag"]
[Result "1/2-1/2"]
[WhiteElo "2109"]
[BlackElo "2341"]
[PlyCount "81"]
[EventDate "2015.11.24"]
[EventType "swiss"]
[EventRounds "9"]
[EventCountry "SRB"]
[SourceTitle "CBM 170 Extra"]
[Source "ChessBase"]
[SourceDate "2016.02.25"]
[SourceVersion "1"]
[SourceVersionDate "2016.02.25"]
[SourceQuality "1"]

1. e4 c5 2. Nf3 a6 3. c3 e6 4. d4 d5 5. exd5 exd5 6. Be2 Nf6 7. 0-0 Nc6 8. Be3 c4 9. b3 cxb3 10. axb3 Be7 11. c4 0-0 12. Nc3 Bf5 13. c5 Ne4 14. Nxe4 Bxe4 15. Qd2 a5 16. Rfc1 Bf6 17. Ne1 Re8 18. Bb5 Re6 19. Bxc6 Rxc6 20. b4 axb4 21. Qxb4 Rxa1 22. Rxa1 b6 23. Qb5 Rxc5 24. dxc5 Bxa1 25. c6 Be5 26. Bxb6 Qb8 27. Qa5 Bxh2+ 28. Kh1 Bd6 29. f3 Bf5 30. Qxd5 Be6 31. Qa5 h6 32. Nc2 Qe8 33. Nd4 Bc8 34. c7 Qe3 35. Nc2 Qc1+ 36. Qe1 Qxc2 37. Qe8+ Kh7 38. Qxc8 Qc1+ 39. Bg1 Qxc7 40. Qxc7 Bxc7 41. Bf2 1/2-1/2